000 00377nam a2200169Ia 4500
001 12737
003 IN-NITTTR
005 20251114233119.0
008 251113s9999||||xx |||||||||||||| ||eng||
040 _beng
040 _cIN-NITTTR
041 _aeng
082 _a720 N394A
100 _aNeufert, Ernst
245 0 _aArchitects' data. /
_cNeufert, Ernst
942 _2ddc
_cBK
999 _c15373
_d15373